• 首页
  • 本馆介绍
  • 公告通知
  • 最新文献
  • 馆藏检索
  • 电子资源
  • 读者导购
  • 参考咨询
  • 我的图书馆
  • 登录
  • 详细信息显示
  • 放入我的书架
  • 预约/预借图书
  • 作者相关作品
  • 分类相关作品
  • 丛书相关作品
  • 出版社相关作品

书目信息

  • 表格格式
  • 工作单格式
  • 卡片格式
题名:
制药工程学
    
 
作者: 王志祥 编著
分册:  
出版信息: 北京   化学工业出版社  2003
页数: 322页
开本: 26cm
丛书名:
单 册:
中图分类: TQ46
科图分类:
主题词: 制药工业--化学工程--高等学校--教材 , 制药工业 , 化学工程
电子资源:
ISBN: 7-5025-4563-8
000 00882nam0 2200265 45
001 1050708984
005 20100420100121.46
010    @a7-5025-4563-8@dCNY40.00
100    @a20100408e2003 em y0chiy0110 ea
101 0  @achi
102    @aCN@b110000
105    @aa z 000yy
106    @ar
200 1  @a制药工程学@AZhi Yao Gong Cheng Xue@f王志祥编著@FWang Zhi Xiang Bian Zhu
210    @a北京@c化学工业出版社@d2003
215    @a322页@c图@d26cm
300    @a高等学校教材
330    @a本书介绍了制药工程项目的基本建设程序;厂址选择和总评面设计的基本知识;工艺流程设计技术和工艺流程图;制药工程设计的基本运算-物料衡算和能量衡算等内容。
606 0  @a制药工业@x化学工程@x高等学校@x教材
606 0  @a制药工业
606 0  @a化学工程
690    @aTQ46@v4
701  0 @a王志祥@AWang Zhi Xiang@c(制药)@4编著
801  0 @aCN@bTANGWEI@c20100420
905    @b0589732-36@dTQ46@e45@f5
    
    制药工程学/王志祥编著.-北京:化学工业出版社,2003
    322页:图;26cm
    高等学校教材
    
    ISBN 7-5025-4563-8:CNY40.00
    本书介绍了制药工程项目的基本建设程序;厂址选择和总评面设计的基本知识;工艺流程设计技术和工艺流程图;制药工程设计的基本运算-物料衡算和能量衡算等内容。
●
相关链接 在E读中查询图书 在五车中查询图书 在当当中查询图书 在豆瓣中查询图书


正题名:制药工程学     索取号:TQ46/45         预约/预借

序号 登录号 条形码 馆藏地/架位号 状态 备注
1 0589732   205897323   第二样本阅览室/ [索取号:TQ46/45] 在馆    
2 0589733   205897332   第三借阅区/ [索取号:TQ46/45] 在馆    
3 0589734   205897341   第三借阅区/ [索取号:TQ46/45] 在馆    
4 0589735   205897350   第三借阅区/ [索取号:TQ46/45] 在馆    
5 0589736   205897369   第三借阅区/ [索取号:TQ46/45] 在馆    
唐山师范学院图书馆 欢迎您!
大连网信软件有限公司© 版权所有